Most expensive football transfers - Goalkeepers - 2016-2017 Season - Statistics

General Stats
  • This quiz has been taken 19 times
  • The average score is 4 of 10
Answer Stats
Fee (M €) Nationality Left Joined Player % Correct
18,00 Chile Barcelona Manchester City Claudio Bravo
93%
6,20 Germany 1.FSV Mainz 05 Liverpool Loris Karius
80%
8,00 Brazil Internacional AS Roma Alisson
73%
13,00 Netherlands Ajax Barcelona Jasper Cillessen
73%
4,70 England Crystal Palace Southamtpon Alex McCarthy
27%
7,00 Argentina Manchester City Real Sociedad Gerónimo Rulli
27%
4,70 Argentina Maldonado Manchester City Gerónimo Rulli
27%
5,00 Italy Hellas Verona Aston Villa Pierluigi Gollini
20%
6,60 Belgium KAA Gent Newcastle Matz Sels
13%
5,45 China SJZ Ever Bright SZ FC Zhen Guan
7%
No matching quizzes found
Score Distribution
Percent of People with Each Score
Percentile by Number Answered
Your Score History
You have not taken this quiz